01036nam a2200253 a 450000100100000000500170001000800410002702000150006804000250008308200190010810000290012724501320015626000710028830000270035949000290038650001120041550000740052765000240060165000270062570000330065270000300068570000380071583000290075300001713320240412074245.0100318t2006 dr a 001 p spa d a9993442569 aDO-SdBNPbspacBNPHU aRD861.4bW373s1 aWeber, Delia,d1900-198210aSelección /cDelia Weber ; ilustración Br. Marten Santelises ; presentación Alejandro Arvelo ; prólogo Avelino Stanley. aSanto Domingo :bDirección General de la Feria del Libro,c2006. a55 p. :bil. ;c23 cm.1 aEdiciones Ferilibrov100 aEdición facsimilar a partir de textos manuscritos y veñeteados por el pendolista Br. Marten Santelises. aIncluye datos biográficos de la autora en la solapa de la cubierta. 0aPoesía dominicana 0aLiteratura dominicana.1 aSantelises, Br. Marten,eil.1 aArvelo, Alejandrod1959-,1 aStanley, Avelino,d1959-epról. 0aEdiciones Ferilibrov100